00437nam a2200169Ia 450000500170000000800410001702000280005804000190008604100120010508200140011710000170013124500490014826000280019730000110022565000200023685000110025620240403144919.0131103s9999 xx 000 0 und d a81 7109 191 1cRs.30.00 aLoreto College aEnglish a170 bREB aRibes, Peter aGospel Themes and Gospel PeoplecPeter Ribes aBombaybSt. Paulsc1993 a136p.  aMoral education aLCBED